Một số vấn đề về đổi mới phương pháp dạy học Môn: Tiếng anh, Tiếng Nga, Tiếng Pháp, Tiếng Trung Quốc

Đã lưu trong:
Bibliografiske detaljer
Andre forfattere: Nguyễn Hạnh Dung (Tác giả), Đào Ngọc Lộc (Tác giả)
Format: Bog
Sprog:Vietnamese
Udgivet: H. Hà Nội 2004
Serier:Bộ Giáo dục và Đào tạo
Fag:
Tags: Tilføj Tag
Ingen Tags, Vær først til at tagge denne postø!
Thư viện lưu trữ: Mạng thư viện Đại học Đà Nẵng
LEADER 01478nam a2200409 4500
001 000006596
003 2754
005 20110919080915.0
008 110914s2004 viesd
020 |c 000đ 
041 0 |a vie 
082 |a 373.19  |b Vân 
245 0 |a Một số vấn đề về đổi mới phương pháp dạy học  |b Môn: Tiếng anh, Tiếng Nga, Tiếng Pháp, Tiếng Trung Quốc  |b Lớp 8  |c Nhóm tác giả: Nguyễn Hạnh Dung ; Đào Ngọc Lộc... 
260 |a H.  |b Hà Nội  |c 2004 
300 |a 128 tr  |b bảng  |c 24 cm 
490 |a Bộ Giáo dục và Đào tạo 
500 |a Lưu hành nội bộ 
653 |a Phương pháp dạy học 
653 |a Trường Trung học cơ sở 
653 |a Giáo dục 
653 |a Tiếng anh 
653 |a Tiếng Nga 
653 |a Tiếng Pháp 
653 |a Tiếng Trung Quốc 
700 |a Nguyễn Hạnh Dung  |e Tác giả 
700 |a Đào Ngọc Lộc  |e Tác giả 
910 |a Nguyễn Thị Kim Oanh  |d 14/09/2011 
OWN |a LSP 
AVA |a UDN50  |b LSP  |d 373.19 Vân  |e unavailable  |t Error 5002 Not defined in file expand_doc_bib_avail.  |f 1  |g 1  |h N  |i 0  |k 1 
999 |a From the UDN01 
AVA |a UDN50  |b LSP  |d 373.19 Vân  |e unavailable  |t Error 5002 Not defined in file expand_doc_bib_avail.  |f 1  |g 1  |h N  |i 0  |k 1 
TYP |a Monograph 
TYP |a Printed language 
980 |a Mạng thư viện Đại học Đà Nẵng